Bredin-Archbold- Smithsonian biological survey of Dominica: Bethyloidea, Hymenoptera

Saved in:
Bibliografiske detaljer
Hovedforfatter: Evans, Howard E (Author)
Format: Bog
Sprog:engelsk
Udgivet: Washington, D.C Smithsonian Institution 1969
Serier:Smithsonian Contributions to Zoology, 3
Fag:
Tags: Tilføj Tag
Ingen Tags, Vær først til at tagge denne postø!

MARC

LEADER 00000nam a2200000 a 4500
001 UCL7410
003 CL-VaPUC
008 040520e19690000US |||||||||||||||||eng|d
082 0 4 |a 595.79  |b EVA  |2 21 
100 0 |a Evans, Howard E  |e author  |9 485263 
245 1 0 |a Bredin-Archbold- Smithsonian biological survey of Dominica: Bethyloidea, Hymenoptera 
300 |a 14 p 
942 |c BK 
945 |d 20040520 00:00:00  |a cmena 
260 |a Washington, D.C  |b Smithsonian Institution  |c 1969 
650 0 |a Himenópteros  |9 331931 
650 0 |a Insectos   |9 264174 
650 0 |a Distribución geográfica  |9 260005 
583 |a last modification  |c 20040520 00:00:00  |k Rodrigo Vera 
490 0 |a Smithsonian Contributions to Zoology, 3 
999 |c 309164  |d 309162